Music Quiz

Random Music or Singers Quiz

Heavy Metal singers Quiz Stats

 Plays Quiz not verified by Sporcle

Support Sporcle.
Go Orange.
Score 0/10 Timer 05:00
0 Plays Today
Band Singer % Correct
Iron MaidenBruce Dickinson
89.8%
Edguy, AvantasiaTobias Sammet
53.4%
HelloweenMichael Kiske
50.8%
Children of BodomAlexi Laiho
50.8%
NightwishTarja Turunen
47.5%
OpethMikael Akerfeldt
45.8%
EpicaSimone Simons
40.7%
Sonata ArcticaTony Kakko
37.3%
HammerfallJoacim Cans
23.7%
TherionChristofer Johnsson
7.6%

You're not logged in!

Compare scores with friends on all Sporcle quizzes.
OR
Log In

From the Vault

5 to 1: Germany

by mg10

On this day 150 years ago, the German Empire was founded.
Remove Ads.
Support Sporcle.
Get the best of Sporcle when you Go Orange. This ad-free experience offers more features, more stats, and more fun while also helping to support Sporcle. Thank you for becoming a member.

Show Comments

Extras

Created Feb 7, 2011ReportNominate
Tags:Singers Quiz, Heavy Metal, metal

Top Quizzes Today


Score Distribution

Your Account Isn't Verified!

In order to create a playlist on Sporcle, you need to verify the email address you used during registration. Go to your Sporcle Settings to finish the process.

Report this User

Report this user for behavior that violates our Community Guidelines.

Details: